| Поле | Название | Значение |
| |
Тип записи |
a |
| |
Библиографический уровень |
m |
| 001 |
Контрольный номер |
RU/URAIT/583294 |
| 005 |
Дата корректировки |
20260429163648.8 |
| 008 |
Кодируемые данные |
260429s2026 RU y f j 000 0 rus u |
| 020 |
Индекс ISBN |
__ |
| a |
ISBN |
978-5-9916-6157-7 |
| c |
Цена, тираж |
1969.00 |
| 040 |
Источник каталогиз. |
__ |
| a |
Служба первич. каталог. |
ИКО Юрайт |
| c |
Служба, преобразующая запись |
ИКО Юрайт |
| e |
Правила каталог. |
RCR |
| 041 |
Код языка издания |
__ |
| a |
Код языка текста |
rus |
| 044 |
Код страны публикации |
__ |
| a |
Код страны публикации |
RU |
| 080 |
Индекс УДК |
__ |
| a |
Индекс УДК |
513(075.8) |
| 084 |
Индекс другой классификации/Индекс ББК |
__ |
| 2 |
Источник индекса |
rubbk |
| a |
Индекс другой классификации/Индекс ББК |
22.1я73 |
| 100 |
Автор |
__ |
| a |
Автор |
Васильев Ф. П. |
| q |
Полное имя |
Васильев Федор Павлович |
| 245 |
Заглавие |
__ |
| a |
Заглавие |
Методы оптимизации |
| b |
Продолж. заглавия |
учебник и практикум для вузов |
| c |
Ответственность |
Ф. П. Васильев, М. М. Потапов, Б. А. Будак, Л. А. Артемьева ; под редакцией Ф. П. Васильева. |
| 256 |
Характеристики компьютерного файла |
__ |
| a |
Характеристики компьютерного файла |
Электрон. дан. |
| 260 |
Выходные данные |
__ |
| a |
Место издания |
Москва |
| b |
Издательство |
Юрайт |
| c |
Дата издания |
2026 |
| 300 |
Физическое описание |
__ |
| a |
Объем |
375 с |
| 440 |
Серия |
__ |
| a |
Серия |
Высшее образование |
| 500 |
Примечания |
__ |
| a |
Примечание |
URL: https://urait.ru/bcode/583294 (дата обращения: 29.04.2026). |
| 520 |
Аннотация |
__ |
| a |
Аннотация |
В настоящем курсе излагаются элементы теории оптимизации, а также основы наиболее часто используемых на практике методов приближенного решения задач оптимизации и краткая характеристика этих методов. Обсуждаются вычислительные аспекты, области применимости методов, их достоинства и недостатки. Усилия авторов были направлены на поиск наиболее экономных схем изложения, упрощение доказательств, чтобы сделать материал более доступным, не снижая уровня строгости. |
| 538 |
Прим. о системных особенностях |
__ |
| a |
Прим. о системных особенностях |
Режим доступа: Электронно-библиотечная система Юрайт, для авториз. пользователей |
| 653 |
Ключевые слова |
__ |
| a |
Ключевые слова |
Математика: общие работы |
| 653 |
Ключевые слова |
__ |
| a |
Ключевые слова |
Математика и статистика |
| 653 |
Ключевые слова |
__ |
| a |
Ключевые слова |
Методы оптимизации |
| 653 |
Ключевые слова |
__ |
| a |
Ключевые слова |
Методы оптимальных решений |
| 653 |
Ключевые слова |
__ |
| a |
Ключевые слова |
Моделирование и оптимизация процессов |
| 653 |
Ключевые слова |
__ |
| a |
Ключевые слова |
Основы методов оптимизации |
| 653 |
Ключевые слова |
__ |
| a |
Ключевые слова |
Введение в методы оптимизации |
| 653 |
Ключевые слова |
__ |
| a |
Ключевые слова |
Методы оптимизации (основы дискретной математики) |
| 700 |
Другие авторы |
__ |
| a |
Другие авторы |
Потапов М. М. |
| q |
Полное имя |
Потапов Михаил Михайлович |
| 700 |
Другие авторы |
__ |
| a |
Другие авторы |
Будак Б. А. |
| q |
Полное имя |
Будак Борис Александрович |
| 700 |
Другие авторы |
__ |
| a |
Другие авторы |
Артемьева Л. А. |
| q |
Полное имя |
Артемьева Людмила Анатольевна |
| 856 |
Электронный адрес документа |
40 |
| n |
Местонахождение сервера |
Юрайт |
| g |
|
Электронная книга |
| q |
Тип электронного формата |
html |
| h |
Имя пользователя |
ЮРАЙТ |
| v |
Часы доступа к ресурсу |
20271231 |
| 2 |
Способ доступа |
Показать документ |
| x |
Служебное примечание |
https://urait.ru/book/cover/9D70C755-63CB-423A-AFC9-DE7B7AAAF04D |
| u |
URL |
https://urait.ru/bcode/583294 |
| 856 |
Электронный адрес документа |
48 |
| q |
Тип электронного формата |
cover |
| u |
URL |
https://urait.ru/book/cover/9D70C755-63CB-423A-AFC9-DE7B7AAAF04D |
| 911 |
|
__ |
| u |
|
0030=https://urait.ru/bcode/583294 |
| 911 |
|
__ |
| u |
|
073a=9785991661577 |
| u |
|
073d=1969.00 |
| 911 |
|
__ |
| u |
|
106a=s |
| 911 |
|
__ |
| u |
|
900l= |
| 952 |
Тип литературы |
__ |
| i |
Дисциплина |
Методы оптимизации |
| 952 |
Тип литературы |
__ |
| i |
Дисциплина |
Методы оптимальных решений |
| 952 |
Тип литературы |
__ |
| i |
Дисциплина |
Моделирование и оптимизация процессов |
| 952 |
Тип литературы |
__ |
| i |
Дисциплина |
Основы методов оптимизации |
| 952 |
Тип литературы |
__ |
| i |
Дисциплина |
Введение в методы оптимизации |
| 952 |
Тип литературы |
__ |
| i |
Дисциплина |
Методы оптимизации (основы дискретной математики) |